| 000 | 01031cam a2200277 a 4500 | ||
|---|---|---|---|
| 001 | 000007876 | ||
| 005 | 20210409114020.0 | ||
| 008 | 830301s1981 sp a b 001 d spa d | ||
| 020 | _a8420633585 | ||
| 040 |
_aDO-SdBNP _bspa _cDLC _dBNPHU |
||
| 082 |
_a862.62 _bG216c |
||
| 100 |
_aGarcía Lorca, Federico, _d1898-1936 _914727 |
||
| 245 | 1 | 3 |
_aLa casa de Bernarda Alba : _bdrama de mujeres en los pueblos de España / _cFederico García Lorca ; edición de Mario Hernández. |
| 260 |
_aMadrid : _bAlianza, _cc1981. |
||
| 300 |
_a183 p. : _bil. ; _c18 cm. |
||
| 490 | 1 | 3 |
_aEl libro de bolsillo. _aBiblioteca García Lorca |
| 504 | _aIncluye referencias bibliográficas. | ||
| 500 | _aEl primer ejemplar es la segunda reimpresión de 1999. | ||
| 650 | 4 |
_aTeatro español _93071 |
|
| 650 | 4 |
_aLiteratura española _ySIGLO XX _93326 |
|
| 700 | 1 |
_aHernández, Mario, _d1945- _921656 |
|
| 830 | 0 |
_aEl libro Biblioteca de bolsillo _pBiblioteca García Lorca _921657 |
|
| 910 | _aCatalogación derivada | ||
| 910 | _aWM | ||
| 049 | _aBNGR | ||
| 999 |
_c7654 _d7654 |
||